Los oficios
Uloženo v:
| Hlavní autor: | |
|---|---|
| Médium: | Kniha |
| Jazyk: | španělština |
| Vydáno: |
Madrid
Espasa-Calpe
1980
|
| Vydání: | 5a. ed |
| Edice: | Colección Austral, 339
|
| Témata: | |
| Tagy: |
Přidat tag
Žádné tagy, Buďte první, kdo vytvoří štítek k tomuto záznamu!
|
MARC
| LEADER | 00000nam a2200000 a 4500 | ||
|---|---|---|---|
| 001 | UCM8852 | ||
| 003 | CL-VaPUC | ||
| 008 | 030328e19800000SP |||||||||||||||||spa|d | ||
| 082 | 0 | 4 | |a 875 |b CIC |2 21 |
| 100 | |a Cicerón, Marco Tulio |e autor |9 255203 | ||
| 245 | 1 | 4 | |a Los oficios |
| 250 | |a 5a. ed | ||
| 300 | |a 162 p | ||
| 942 | |c BK | ||
| 945 | |d 20030328 00:00:00 |a cmena | ||
| 260 | |a Madrid |b Espasa-Calpe |c 1980 | ||
| 650 | 0 | |a Oratoria latina |9 266621 | |
| 650 | 0 | |a Humanismo |9 256530 | |
| 650 | 0 | |a Escuelas filosóficas |9 266232 | |
| 583 | |a last modification |c 20030328 00:00:00 |k Rodrigo Vera | ||
| 490 | 0 | |a Colección Austral, 339 | |
| 999 | |c 303270 |d 303268 | ||
| 952 | |0 0 |1 0 |4 0 |6 875_000000000000000_CIC_1980 |7 0 |8 R |9 364461 |a BIBARQ |b BIBARQ |d 2019-11-21 |i 3888169 |o 875 CIC 1980 |p 3888169 |r 2025-01-20 |w 2019-11-21 |y BK_R |k ARQ | ||